Loading...
The appraisal of head teachers
| Main Author: | |
|---|---|
| Format: | Printed Book |
| Language: | English |
| Published: |
London, Cassell
1992 |
| Series: | Education management series
|
| Subjects: |
| LEADER | 005820000a22002050004500 | ||
|---|---|---|---|
| 020 | |a 0304324213 | ||
| 041 | |a eng | ||
| 082 | |a 371.201 2 N2 | ||
| 100 | |a Hattersley, Molly |9 101633 | ||
| 245 | |a The appraisal of head teachers | ||
| 260 | |a London, Cassell | ||
| 260 | |a 1992 | ||
| 465 | |a P 10.50 | ||
| 490 | |a Education management series | ||
| 650 | |a Great Britain |9 119329 | ||
| 650 | |a Rating of Schools |9 119330 | ||
| 650 | |a School Principals |9 119331 | ||
| 942 | |c BK | ||
| 999 | |c 168004 |d 168000 | ||
| 952 | |0 0 |1 0 |4 0 |7 0 |9 166433 |a SPS |b SPS |d 2019-04-16 |l 0 |p SPS01821 |r 2019-04-16 |w 2019-04-16 |y BK | ||